Los tres reinos de la naturaleza : (Record no. 166614)
[ view plain ]
| 000 -LEADER | |
|---|---|
| campo de control de longitud fija | 01877nam a22003135i 4500 |
| 001 - NÚMERO DE CONTROL | |
| campo de control | 166614 |
| 003 - IDENTIFICADOR DE NÚMERO DE CONTROL | |
| campo de control | ES-MaACL |
| 005 - FECHA Y HORA DE LA ÚLTIMA TRANSACCIÓN | |
| campo de control | 20250814033438.0 |
| 008 - DATOS DE LONGITUD FIJA--INFORMACIÓN GENERAL | |
| campo de control de longitud fija | 940202m18521858sp a |||| | spa d |
| 080 ## - NÚMERO DE LA CLASIFICACIÓN DECIMAL UNIVERSAL | |
| Número de la Clasificación Decimal Universal | 591.5 |
| 080 ## - NÚMERO DE LA CLASIFICACIÓN DECIMAL UNIVERSAL | |
| Número de la Clasificación Decimal Universal | 58 |
| 080 ## - NÚMERO DE LA CLASIFICACIÓN DECIMAL UNIVERSAL | |
| Número de la Clasificación Decimal Universal | 549 |
| 245 04 - MENCIÓN DEL TÍTULO | |
| Título | Los tres reinos de la naturaleza : |
| Resto del título | museo pintoresco de historia natural : descripción completa de los animales, vegetales y minerales útiles y agradables, su forma, instinto... / |
| Mención de responsabilidad, etc. | obra arreglada sobre los trabajos de los más eminentes naturalistas de todos los países, Buffon... con todos los descubrimientos posteriores hasta el día, por una sociedad de profesores asociados a Eduardo Chao ; e ilustrada con una magnífica y numerosa colección de láminas. |
| 260 ## - PUBLICACIÓN, DISTRIBUCIÓN, ETC. | |
| Lugar de publicación, distribución, etc. | Madrid : |
| Nombre del editor, distribuidor, etc. | Imprenta de Gaspar y Roig, editores, |
| Fecha de publicación, distribución, etc. | 1852-1858. |
| 300 ## - DESCRIPCIÓN FÍSICA | |
| Extensión | 8 t. en 7 v. : |
| Otras características físicas | il. col. y n. ; |
| Dimensiones | 28 cm. |
| 490 1# - MENCIÓN DE SERIE | |
| Mención de serie | Biblioteca Ilustrada de Gaspar y Roig |
| 505 8# - NOTA DE CONTENIDO CON FORMATO | |
| Nota de contenido con formato | Contiene: I. Zoología (VI, 450 p.) -- II. Zoología (286 p., [36) h. de lám.) -- III. Zoología (711 p., [84] h. de lám.) -- IV. Zoología (679 p., [74] h. de lám.) -- V. Zoología (688 p., [80] h. de lám.) -- VI. Zoología (708 p., [83] h. de lám.) -- VII. Zoología (532 p., [34] h. de lám.) -- VIII. Zoología (VI, 673 p., [84] h. de lám.) -- IX. Mineralogía (689 p., [76] h. de lám.) |
| 599 ## - NOTA A LAS ILUSTRACIONES | |
| NOTA A LAS ILUSTRACIONES | Las h. de lám. lit. coloreadas. |
| 650 #7 - PUNTO DE ACCESO ADICIONAL DE MATERIA--TÉRMINO DE MATERIA | |
| Término de materia o nombre geográfico como elemento de entrada | Zoología |
| Fuente del encabezamiento o término | embne |
| 9 (RLIN) | 17868 |
| 650 #7 - PUNTO DE ACCESO ADICIONAL DE MATERIA--TÉRMINO DE MATERIA | |
| Término de materia o nombre geográfico como elemento de entrada | Botánica |
| Fuente del encabezamiento o término | embne |
| 9 (RLIN) | 10610 |
| 650 #4 - PUNTO DE ACCESO ADICIONAL DE MATERIA--TÉRMINO DE MATERIA | |
| Término de materia o nombre geográfico como elemento de entrada | Mineralogía. |
| 9 (RLIN) | 15053 |
| 700 1# - ENTRADA AGREGADA--NOMBRE PERSONAL | |
| Nombre de persona | Chao, Eduardo. |
| 9 (RLIN) | 37992 |
| 700 1# - ENTRADA AGREGADA--NOMBRE PERSONAL | |
| Nombre de persona | Monlau y Sala, José ( |
| Fechas asociadas al nombre | 1832-1908) |
| 9 (RLIN) | 130063 |
| 700 1# - ENTRADA AGREGADA--NOMBRE PERSONAL | |
| Nombre de persona | Galdo, Manuel María José de. |
| 9 (RLIN) | 53356 |
| 700 1# - ENTRADA AGREGADA--NOMBRE PERSONAL | |
| Nombre de persona | Buffon, Georges Louis Leclerc, |
| Títulos y otros términos asociados al nombre | Comte de, |
| Fechas asociadas al nombre | 1707-1788 |
| 9 (RLIN) | 32437 |
| 830 1# - PUNTO DE ACCESO ADICIONAL DE SERIE-TÍTULO UNIFORME | |
| Título uniforme | Biblioteca Ilustrada de Gaspar y Roig |
| 9 (RLIN) | 177255 |
| 852 4# - LOCALIZACIÓN | |
| Ubicación | ES-MaACL |
| Número de control de estantería | G-7097-103 |
| Nota libre | - Enc. hol. |
| Estatus retirado | Estado de pérdida | Estado de daño | No para préstamo | Colección | Biblioteca de origen | Biblioteca actual | Ubicación en estantería | Fecha de adquisición | Total de préstamos | Signatura topográfica completa | Código de barras | Visto por última vez | Precio de reemplazo | Tipo de ítem Koha |
|---|---|---|---|---|---|---|---|---|---|---|---|---|---|---|
| Libros del s. XIX | Biblioteca del Ateneo de Madrid | Biblioteca del Ateneo de Madrid | Depósito 2 | 17/01/2008 | G-7097-103 | 1174746 | 23/02/2023 | 23/02/2023 | Libro impreso antiguo |
